00825nam a2200193 a 450000100100000000500170001000800410002702000150006804000250008308200150010824502070012326000390033030000350036950000530040450000730045770000330053070000270056370000410059000004392920201002045041.0140509s2006 sp ab 000 0 spa d a8496515249 aDO-SdBNPbspacBNPHU axxxxbxxxx00aDemografía de los extranjeros :bincidencia en el crecimiento de la población /cCarmen Lamela Viera ... [et al.] ; coordinado por: Diego López de Lera ; dirigido por: Antonio Izquierdo Escribano. aBilbao :bFundación BBVA,c2006. a330 p. :bil., mapas ;c24 cm. aIncluye referencias bibliográficas e índices aIncluye referencias bibliográficas y notas al pie de las páginas12aLamela Viera, Carmen,d1961-12aLópez de Lera, Diego12aIzquierdo Escribano, Antonio,d1950-